Contabilidad económica / (Record no. 122361)

MARC details
000 -LEADER
campo de control de longitud fija 00646nam a2200193 4500
001 - NÚMERO DE CONTROL
campo de control 122361
003 - IDENTIFICADOR DE NÚMERO DE CONTROL
campo de control ES-MaACL
007 - CAMPO FIJO DE DESCRIPCIÓN FÍSICA--INFORMACIÓN GENERAL
campo de control de longitud fija t|
008 - DATOS DE LONGITUD FIJA--INFORMACIÓN GENERAL
campo de control de longitud fija 070214s1958 mx r ||||1| spa d
100 1# - ENTRADA PRINCIPAL--NOMBRE DE PERSONA
Nombre de persona Powelson, John P.
9 (RLIN) 93505
245 10 - MENCIÓN DEL TÍTULO
Título Contabilidad económica /
Mención de responsabilidad, etc. John P. Powelson ; traducción de Herminia Ramón, Rubén Pimentel, José Manuel Sobrino.
250 ## - MENCION DE EDICION
Mención de edición 1ª. ed.
260 ## - PUBLICACIÓN, DISTRIBUCIÓN, ETC.
Lugar de publicación, distribución, etc. México :
Nombre del editor, distribuidor, etc. Fondo de Cultura Económica,
Fecha de publicación, distribución, etc. 1958.
300 ## - DESCRIPCIÓN FÍSICA
Extensión 538 p. :
Otras características físicas il. ;
Dimensiones 24 cm.
700 1# - ENTRADA AGREGADA--NOMBRE PERSONAL
Nombre de persona Ramón, Herminia.
9 (RLIN) 95204
700 1# - ENTRADA AGREGADA--NOMBRE PERSONAL
Nombre de persona Pimentel, Rubén C.
9 (RLIN) 92051
700 1# - ENTRADA AGREGADA--NOMBRE PERSONAL
Nombre de persona Sobrino, José Manuel.
9 (RLIN) 107004
852 ## - LOCALIZACIÓN
Ubicación ES-MaACL
Número de control de estantería E-7503
Sublocalización o colección R.91383
Holdings
Estatus retirado Estado de pérdida Estado de daño No para préstamo Biblioteca de origen Biblioteca actual Ubicación en estantería Fecha de adquisición Fuente de adquisición Total de préstamos Signatura topográfica completa Código de barras Visto por última vez Precio de reemplazo Tipo de ítem Koha
        Biblioteca del Ateneo de Madrid Biblioteca del Ateneo de Madrid Depósito 2 17/01/2008     E-7503 1127505 23/02/2023 23/02/2023 Libro impreso